Statistics for Trump's Twitter Feuds

Click here to take the quiz!

General Stats

  • This quiz has been taken 56 times
  • The average score is 7 of 11

Answer Stats

Background / HintOpponent% Correct
He keeps on getting in twitter feuds with his presidential opponent in the 2016 electionHillary Clinton
96%
Trump is continuously ranting about this (fraud) news broadcasting company and posted a video of him bodyslamming a man with their logo superimposed on his headCNN
91%
He keeps hatìng this liberal "failing" (fake)Newspaper from his home townNew York Times
85%
Twitter feuding with this comedian, actress and former host of "The View" has been going on for a decade. He's called her a slob, a loser, a fat pig etc...Rosie O'Donnell
85%
Got into twitter war with this broadcasting company because they fired a conservative tv personality ( Greta van Susteren)MSNBC
72%
He called this german supermodel/TV host fat and "no longer a 10"Heidi Klum
70%
Trump has had nothing good to tweet about his successor as the boss in "The Apprentice"Arnold Schwartzenegger
59%
Trump got into a twitter war with this billionaire, TV personality and owner of a basketball team after he dared Trump to shave his headMark Cuban
54%
This singer and Oscar winning actress from "Moonstruck" got into a twitter war with Trump because she slammed (then presidential candidate) Romney and because of Trump's 'Birther' views / Macy's boycottCher
46%
Trump constantly tweets about this morning show. Recently he called the show "bad" and the other host was "crazy" and "bleeding badly from a face-lift""Morning Joe": Mika Brzezinski and Joe Scarborough
37%
Trump attacked this Seattle based retailer after they dropped Ivanka's clothing lineNordstrom
30%

Score Distribution

Percentile by Number Answered

Percent of People with Each Score

Your Score History

You have not taken this quiz